Finance. / (Record no. 8099)

MARC details
000 -LEADER
fixed length control field 01483nam a22002657a 4500
003 - CONTROL NUMBER IDENTIFIER
control field OSt
005 - DATE AND TIME OF LATEST TRANSACTION
control field 20211124145929.0
008 - FIXED-LENGTH DATA ELEMENTS--GENERAL INFORMATION
fixed length control field 120608t xxu||||| |||| 00| 0 eng d
020 ## - INTERNATIONAL STANDARD BOOK NUMBER
International Standard Book Number 9781308508498
020 ## - INTERNATIONAL STANDARD BOOK NUMBER
International Standard Book Number 1308508492
040 ## - CATALOGING SOURCE
Transcribing agency LC
050 ## - LIBRARY OF CONGRESS CALL NUMBER
Classification number HG4026.F49
245 ## - TITLE STATEMENT
Title Finance. /
246 ## - VARYING FORM OF TITLE
Title proper/short title FIN 323: Finance
250 ## - EDITION STATEMENT
Edition statement (Custom edition for: Old Dominion University)
260 ## - PUBLICATION, DISTRIBUTION, ETC.
Place of publication, distribution, etc. New York:
Name of publisher, distributor, etc. McGraw- Hill,
Date of publication, distribution, etc. 2015.
300 ## - PHYSICAL DESCRIPTION
Extent viii, 494 p .:
Other physical details ill.;
500 ## - GENERAL NOTE
General note Includes index.
501 ## - WITH NOTE
With note Contents from: Fundamental of corporate finance 11th ed. by Stephen A. Ross, Westerfield and Jordan, 2016.
505 ## - FORMATTED CONTENTS NOTE
Formatted contents note Contents: 1. Overview of corporate finance: Introduction to corporate finance -- Financial statements, taxes and cash flow -- Financial statements and long-term financial planning: Working with financial statements -- Long-term financial planning and growth -- 3. Valuation of future cash flows: Introduction to valuation: the time value of money -- Discounted cash flow valuation -- Interest rates and bond valuation -- Stock valuation -- 4. Capital budgeting: Net present value and other investment criteria -- Making capital investment decisions -- Project analysis and evaluation -- 5. Risk and return: Some lessons from capital market history -- Return, risk, and the security market line -- Cost of capital --
653 ## - INDEX TERM--UNCONTROLLED
Uncontrolled term Corporate finance
700 ## - ADDED ENTRY--PERSONAL NAME
Fuller form of name Ross, Stephen A.
710 ## - ADDED ENTRY--CORPORATE NAME
Subordinate unit Old Dominion University
942 ## - ADDED ENTRY ELEMENTS (KOHA)
Source of classification or shelving scheme Library of Congress Classification
Koha item type Books
Holdings
Withdrawn status Lost status Source of classification or shelving scheme Damaged status Not for loan Home library Current library Shelving location Date acquired Source of acquisition Full call number Barcode Date last seen Copy number Price effective from Koha item type
    Library of Congress Classification     WISCONSIN INTERNATIONAL UNIVERSITY COLLEGE, GHANA KUMASI LIBRARY WISCONSIN INTERNATIONAL UNIVERSITY COLLEGE, GHANA KUMASI LIBRARY General Stacks 07/11/2019 WIUC HG4026.F49 K/1525/1525/19 24/11/2021 1 24/11/2021 Books
    Library of Congress Classification     WISCONSIN INTERNATIONAL UNIVERSITY COLLEGE, GHANA KUMASI LIBRARY WISCONSIN INTERNATIONAL UNIVERSITY COLLEGE, GHANA KUMASI LIBRARY General Stacks 07/11/2019 WIUC HG4026.F491 K/1526/1526/19 26/11/2021 2 24/11/2021 Books
    Library of Congress Classification     WISCONSIN INTERNATIONAL UNIVERSITY COLLEGE, GHANA KUMASI LIBRARY WISCONSIN INTERNATIONAL UNIVERSITY COLLEGE, GHANA KUMASI LIBRARY General Stacks 07/11/2019 WIUC HG4026.F492 K/1527/1527/19 07/02/2022 3 24/11/2021 Books

If you have any concerns or questions; kindly contact the library


© Powered by WIUC ICT DIRECTORATE